[Event "Barcelona Sant Marti op 10th"]
[Site "Barcelona"]
[Date "2023.02.23"]
[Round "7"]
[White "Costa Trave, Jaume"]
[Black "Perez Ramirez, Placido"]
[Result "1-0"]
[WhiteElo "1633"]
[BlackElo "1254"]
[PlyCount "49"]
[EventDate "2023.01.12"]
[EventType "swiss"]
[EventRounds "9"]
[EventCountry "ESP"]
[SourceTitle "CBM 213 Extra"]
[Source "ChessBase"]
[SourceDate "2023.05.31"]
[SourceVersion "1"]
[SourceVersionDate "2023.05.31"]
[SourceQuality "1"]

1. e4 e5 2. c4 Nf6 3. Nc3 Bc5 4. f3 Nc6 5. a3 d6 6. Nge2 Be6 7. Nd5 Nh5 8. b4 Bd4 9. Rb1 f5 10. b5 f4 11. bxc6 bxc6 12. Nxd4 Qh4+ 13. Ke2 exd4 14. Nxc7+ Ke7 15. Nxa8 Bxc4+ 16. d3 Ng3+ 17. hxg3 Qxh1 18. gxf4 Bb5 19. Nc7 Rb8 20. Nxb5 cxb5 21. Bd2 h5 22. Qc2 Re8 23. Qc7+ Ke6 24. f5+ Ke5 25. Qxg7# 1-0

[Event "Barcelona Sant Marti op 10th"]
[Site "Barcelona"]
[Date "2023.02.02"]
[Round "4"]
[White "Perez Ramirez, Placido"]
[Black "Menbrive Hernandez, Juan"]
[Result "1/2-1/2"]
[WhiteElo "1254"]
[BlackElo "1369"]
[PlyCount "93"]
[EventDate "2023.01.12"]
[EventType "swiss"]
[EventRounds "9"]
[EventCountry "ESP"]
[SourceTitle "CBM 213 Extra"]
[Source "ChessBase"]
[SourceDate "2023.05.31"]
[SourceVersion "1"]
[SourceVersionDate "2023.05.31"]
[SourceQuality "1"]

1. e4 e5 2. Nf3 Nc6 3. Bc4 Nf6 4. d3 d5 5. exd5 Nxd5 6. 0-0 Bg4 7. Re1 Be7 8. Nbd2 0-0 9. c3 a6 10. Bb3 b5 11. Bc2 f5 12. h3 Bh5 13. Qe2 Bd6 14. Bb3 Bf7 15. Nf1 Re8 16. Ng3 e4 17. dxe4 Bxg3 18. Bxd5 Bxd5 19. fxg3 Rxe4 20. Be3 Qe7 21. Qd2 Rd8 22. Bg5 Qc5+ 23. Kh1 Rde8 24. Rad1 h6 25. b4 Rxe1+ 26. Nxe1 Qc4 27. Bf4 Re2 28. Qxd5+ Qxd5 29. Rxd5 Rxe1+ 30. Kh2 Ne7 31. Rd7 c6 32. Ra7 Nd5 33. Rxa6 Nxc3 34. a3 Re6 35. Bc1 g6 36. Ra7 Nd1 37. Bxh6 Nf2 38. Rg7+ Kh8 39. Rf7 Re1 40. g4 Rh1+ 41. Kg3 Ne4+ 42. Kf4 Rf1+ 43. Ke5 Re1 44. Bg7+ Kg8 45. Rd7 Nc5+ 46. Kd6 Nxd7 47. Kxd7 1/2-1/2

[Event "Barcelona Primavera La Lira op 9th"]
[Site "Barcelona"]
[Date "2016.05.26"]
[Round "8"]
[White "Perez Ramirez, Placido"]
[Black "Orts Gonzalez, Rafael"]
[Result "0-1"]
[WhiteElo "1249"]
[BlackElo "1182"]
[PlyCount "96"]
[EventDate "2016.04.07"]
[EventType "swiss"]
[EventRounds "9"]
[EventCountry "ESP"]
[SourceTitle "CBM 172 Extra"]
[Source "ChessBase"]
[SourceDate "2016.06.21"]
[SourceVersion "1"]
[SourceVersionDate "2016.06.21"]
[SourceQuality "1"]

1. e4 e5 2. Nf3 d6 3. Bc4 h6 4. Nc3 c6 5. d4 Ne7 6. d5 b5 7. Bb3 b4 8. Ne2 Qa5 9. dxc6 Nexc6 10. 0-0 Na6 11. c3 Rb8 12. Bd5 Bb7 13. Qb3 Nc5 14. Bxf7+ Kd7 15. Qd5 Ne7 16. Nxe5+ Kc7 17. Qc4 Ba6 18. Qd4 Bxe2 19. Re1 Nb3 20. Qe3 Nxc1 21. Rexc1 Qxe5 22. Qxa7+ Rb7 23. cxb4+ Nc6 24. Qa4 Bb5 25. Qa5+ Kb8 26. Qa3 Qxe4 27. Re1 Be2 28. Bh5 Nd4 29. Qc3 Rc7 30. Bg6 Rxc3 31. Bxe4 Rc4 32. a3 Nc2 33. Bxc2 Rxc2 34. a4 Rxb2 35. b5 d5 36. Rec1 g5 37. f3 Bg7 38. Kf2 Bxb5+ 39. Kg3 Be5+ 40. Kg4 Rb4+ 41. Kf5 Bxa1 42. Rxa1 Bd3+ 43. Ke5 Bc4 44. a5 Ka7 45. Kd6 Ka6 46. Kc5 Rb5+ 47. Kc6 Rxa5 48. Re1 d4 0-1

[Event "Barcelona Sant Marti op-B 5th"]
[Site "Barcelona"]
[Date "2016.02.11"]
[Round "5"]
[White "Perez Ramirez, Placido"]
[Black "Ani, Virgil"]
[Result "0-1"]
[WhiteElo "1702"]
[BlackElo "1597"]
[PlyCount "58"]
[EventDate "2016.01.14"]
[EventType "swiss"]
[EventRounds "9"]
[EventCountry "ESP"]
[SourceTitle "EXT 2017"]
[Source "ChessBase"]
[SourceDate "2016.10.25"]
[SourceVersion "1"]
[SourceVersionDate "2016.10.25"]
[SourceQuality "1"]

1. e4 c5 2. Nf3 Nc6 3. c3 g6 4. d4 cxd4 5. cxd4 Bg7 6. e5 e6 7. Bf4 Nge7 8. Be2 Qa5+ 9. Nc3 Nf5 10. 0-0 Qb4 11. Rb1 Nfxd4 12. Ne4 Nxf3+ 13. Bxf3 0-0 14. Nf6+ Bxf6 15. exf6 Qxf4 16. Re1 Qxf6 17. Qd2 Ne5 18. Bd1 Nc4 19. Qb4 d5 20. b3 Nb6 21. Re3 Qf5 22. Rc1 Nd7 23. Rf3 Qe5 24. h4 b6 25. Qg4 Nf6 26. Qh3 Qe1+ 27. Kh2 Ne4 28. h5 Nxf2 29. Qg3 Qh1# 0-1

[Event "Barcelona Sant Marti op-B 5th"]
[Site "Barcelona"]
[Date "2016.02.04"]
[Round "4"]
[White "Gonzalez Canovas, Sebastian"]
[Black "Perez Ramirez, Placido"]
[Result "1-0"]
[WhiteElo "1635"]
[BlackElo "1702"]
[PlyCount "71"]
[EventDate "2016.01.14"]
[EventType "swiss"]
[EventRounds "9"]
[EventCountry "ESP"]
[SourceTitle "EXT 2017"]
[Source "ChessBase"]
[SourceDate "2016.10.25"]
[SourceVersion "1"]
[SourceVersionDate "2016.10.25"]
[SourceQuality "1"]

1. d4 d5 2. c4 c6 3. Nc3 Nf6 4. Nf3 Bf5 5. e3 Nbd7 6. b3 e6 7. Be2 Bb4 8. Bd2 dxc4 9. Bxc4 0-0 10. 0-0 Nb6 11. Be2 Qc7 12. Nh4 Bg6 13. Nxg6 hxg6 14. Rc1 Ba3 15. Rc2 Rad8 16. Qe1 Bd6 17. g3 Nbd7 18. Nb5 Qb8 19. Nxd6 Qxd6 20. Bb4 c5 21. dxc5 Nxc5 22. Bxc5 Qc6 23. Qc1 Rfe8 24. Be7 Qe4 25. Bxd8 Rxd8 26. Rc8 Rf8 27. Rxf8+ Kxf8 28. Qc8+ Ne8 29. Rd1 f5 30. Rd8 Kf7 31. Rxe8 Qb1+ 32. Bf1 Kf6 33. Qxe6+ Kg5 34. h4+ Kg4 35. Qc4+ Kf3 36. Qe2# 1-0

[Event "Barcelona Sant Marti op-B 5th"]
[Site "Barcelona"]
[Date "2016.01.28"]
[Round "3"]
[White "Perez Ramirez, Placido"]
[Black "Cabrera Marmol, Manel"]
[Result "0-1"]
[WhiteElo "1702"]
[BlackElo "1814"]
[PlyCount "62"]
[EventDate "2016.01.14"]
[EventType "swiss"]
[EventRounds "9"]
[EventCountry "ESP"]
[SourceTitle "EXT 2017"]
[Source "ChessBase"]
[SourceDate "2016.10.25"]
[SourceVersion "1"]
[SourceVersionDate "2016.10.25"]
[SourceQuality "1"]

1. e4 e5 2. Nf3 Nf6 3. Nc3 Nc6 4. Bc4 Nxe4 5. d3 Nxc3 6. bxc3 d5 7. Bb3 Bg4 8. h3 Bh5 9. 0-0 Bc5 10. Re1 0-0 11. Qe2 Re8 12. g4 Bg6 13. Be3 d4 14. cxd4 exd4 15. Bg5 Rxe2 16. Bxd8 Rxe1+ 17. Rxe1 Rxd8 18. Nh4 Kf8 19. Nxg6+ hxg6 20. Re4 Re8 21. Rf4 f6 22. g5 Re1+ 23. Kg2 Ke7 24. gxf6+ gxf6 25. h4 Bd6 26. Rg4 Ne5 27. Rxd4 f5 28. c4 Rg1+ 29. Kh3 Nf3 30. Rd5 Ne1 31. c5 Rh1# 0-1

[Event "Barcelona Sant Marti op-B 5th"]
[Site "Barcelona"]
[Date "2016.01.21"]
[Round "2"]
[White "Torres Martinez, Jordi"]
[Black "Perez Ramirez, Placido"]
[Result "0-1"]
[WhiteElo "1685"]
[BlackElo "1702"]
[PlyCount "74"]
[EventDate "2016.01.14"]
[EventType "swiss"]
[EventRounds "9"]
[EventCountry "ESP"]
[SourceTitle "EXT 2017"]
[Source "ChessBase"]
[SourceDate "2016.10.25"]
[SourceVersion "1"]
[SourceVersionDate "2016.10.25"]
[SourceQuality "1"]

1. e4 e5 2. Nf3 Nc6 3. c3 Bc5 4. d4 exd4 5. cxd4 Bb4+ 6. Nc3 Nf6 7. Bd3 d5 8. 0-0 dxe4 9. Nxe4 0-0 10. Bg5 Be7 11. Nxf6+ Bxf6 12. Be3 Bg4 13. Be2 h6 14. Re1 Qd5 15. b3 Rad8 16. Kh1 Rfe8 17. Rc1 Qd6 18. Rc4 Nb4 19. Qd2 Nd5 20. Rec1 c6 21. h3 Bf5 22. Bd3 Bxd3 23. Qxd3 Nxe3 24. fxe3 Qg3 25. Qc3 Bg5 26. Nxg5 Qxg5 27. Re1 Re4 28. Rc5 Qg3 29. Rf5 Rde8 30. Rf3 Qh4 31. Qc4 Qxe1+ 32. Rf1 Qxe3 33. Qxf7+ Kh7 34. Rf6 Qg5 35. Rf5 Qg6 36. Qd7 R8e7 37. Qc8 Re1+ 0-1

[Event "Barcelona Sant Marti op-B 16th"]
[Site "Barcelona"]
[Date "2014.07.13"]
[Round "1"]
[White "Perez Ramirez, Placido"]
[Black "Pascual Gonzalez, Novelles Carle"]
[Result "0-1"]
[WhiteElo "1800"]
[BlackElo "2010"]
[PlyCount "74"]
[EventDate "2014.07.13"]
[EventType "swiss"]
[EventRounds "9"]
[EventCountry "ESP"]
[SourceTitle "CBM 161 Extra"]
[Source "ChessBase"]
[SourceDate "2014.08.29"]
[SourceVersion "1"]
[SourceVersionDate "2014.08.29"]
[SourceQuality "1"]

1. e4 e6 2. d4 d5 3. e5 c5 4. c3 Nc6 5. Nf3 Qb6 6. a3 cxd4 7. cxd4 Nh6 8. Be2 Nf5 9. 0-0 Nfxd4 10. Nxd4 Nxd4 11. Nc3 Bd7 12. Rb1 Bc5 13. Na4 Nxe2+ 14. Kh1 Bxa4 15. Qxe2 Bb5 16. Qe1 Bxf1 17. Qxf1 Bxf2 18. Qe2 Rc8 19. Bf4 Rc4 20. g3 0-0 21. Rf1 Bd4 22. b4 Qc6 23. h4 Rc2 24. Qg4 f5 25. exf6 Bxf6 26. h5 d4+ 27. Rf3 Rf2 28. Kg1 Qxf3 29. Qxe6+ Kh8 30. Qh3 Be5 31. h6 Bxf4 32. hxg7+ Kxg7 33. Qd7+ Kg8 34. Qe6+ Kh8 35. Qh3 Qd1+ 36. Kxf2 Be3+ 37. Kg2 Rf2# 0-1